RICS AGM 2022: (Record no. 121279)

MARC details
000 -LEADER
fixed length control field 01178nam a22001817a 4500
008 - FIXED-LENGTH DATA ELEMENTS--GENERAL INFORMATION
fixed length control field 221220s2022 xxk|||||o|||| 00| 0 eng d
041 ## - LANGUAGE CODE
Language code of text/sound track or separate title eng
110 ## - MAIN ENTRY--CORPORATE NAME
Corporate author Royal Institution of Chartered Surveyors
245 ## - TITLE STATEMENT
Title RICS AGM 2022:
Subtitle Questions and answers
Medium [Electronic resource]
260 ## - PUBLICATION INFORMATION
Place of publication London,
Publisher Royal Institution of Chartered Surveyors,
Date 8 December 2022
300 ## - PHYSICAL DESCRIPTION
Physical description 12p
490 ## - SERIES TITLE
Series statement RICS AGM
520 ## - ABSTRACT
Abstract RICS Annual General Meeting on 8 December was a timely opportunity for members to hear from the Governing Council.Along with a look at last year's performance and a new RICS Board Chair announcement, almost 240 attendees joined us in person and online to ask questions about issues that matter to them. Questions included the following topics: Assessments; APC; EPCs; EWS1; Spray foam insulation; RICS transformation programme; BCIS; Library; new Knowledge and Practice Directorate; Regional boards;
651 ## - SUBJECT ADDED ENTRY--GEOGRAPHIC NAME
Geographic name United Kingdom
710 ## - ADDED CORPORATE NAME
Added corporate author Royal Institution of Chartered Surveyors
856 ## - ONLINE RESOURCE
Uniform Resource Identifier <a href="https://www.rics.org/profession-standards/knowledge-and-information-services/document-delivery-and-o">https://www.rics.org/profession-standards/knowledge-and-information-services/document-delivery-and-o</a>
Public note email [email protected] to request a copy
942 ## - ADDED ENTRY ELEMENTS (KOHA)
Suppress in OPAC Do not suppress in OPAC
Holdings
Lost status Damaged status Not for loan Current library Date acquired Total Checkouts Date last seen Price effective from Koha item type
      Virtual 20/12/2022   20/12/2022 20/12/2022 Online material